000 004140000a22001690004500
003 LK-CoMWRAF
008 230817t ||||| |||| 00| 0 eng d
040 _aLK-CoMWRAF
_dLK-CoMWRAF
_eLK-CoMWRAF
041 _aeng
082 _a303
_bSHA
100 _aShaheed, Farida
245 _aPakistan's woman
_ban anlytical description
260 _aIslamabad
_Shirkat Gah
300 _ap.80
650 _aWomen
942 _cBK
999 _c459
_d459